Estudio Técnico para la implementación de Red Inteligente en la transformación de la red de distribución de energía eléctrica en Nicaragua

La investigación presenta un estudio técnico para la implementación de la red eléctrica inteligente en las actividades de la administración, operación, monitoreo y control vinculados a la telegestion de las redes de distribución interconectadas al sistema interconectado Nacional de Nicaragua....

Full description

Bibliographic Details
Main Author: Ruiz Tückler, Hjalmar
Other Authors: Tutor: Vargas Chévez, Norman
Format: Tesis Section = Libro
Language:Undetermined
Spanish
Published: Managua UNI 2017
Subjects:
LEADER 01243nam a2200277Ia 4500
008 240830s9999 xx 000 0 und d
040 |a BIBLIOTECA-RUSB/ Mon 621.3192 R934 
041 |a spa 
082 |a Mon 621.3192 R934 
100 1 |a Ruiz Tückler, Hjalmar 
245 1 0 |a Estudio Técnico para la implementación de Red Inteligente en la transformación de la red de distribución de energía eléctrica en Nicaragua 
260 |a Managua  |b UNI  |c 2017 
300 |a 125 p. :il. 
500 |a Contiene: anexos. 
502 |a Tesis (Ingeniero Electrónico) - UNI, 2017. 
520 3 |a La investigación presenta un estudio técnico para la implementación de la red eléctrica inteligente en las actividades de la administración, operación, monitoreo y control vinculados a la telegestion de las redes de distribución interconectadas al sistema interconectado Nacional de Nicaragua. 
650 7 |a REDES INTELIGENTES 
650 7 |b  REDES ELECTRICAS INTELIGENTES 
650 7 |c  REDES ELECTRICAS-MODERNIZACION 
650 7 |d  ARQUITECTURA-REFERENCIA 
650 7 |e  AUTOMATIZAC ION 
650 7 |f  DISTRIBUCION ELECTRICA-NICARAGUA 
700 1 |a Tutor:  |b Vargas Chévez, Norman 
942 |c BK  |2 ddc 
991 |a TESIS 
999 |c 20202